[Event "Toronto Crown op"]
[Site "Toronto"]
[Date "2014.04.20"]
[Round "5"]
[White "Du, Digeng"]
[Black "Southam, David"]
[Result "0-1"]
[WhiteElo "2174"]
[BlackElo "2084"]
[PlyCount "88"]
[EventDate "2014.04.18"]
[EventType "swiss"]
[EventRounds "6"]
[EventCountry "CAN"]
[SourceTitle "CBM 159 Extra"]
[Source "ChessBase"]
[SourceDate "2014.04.24"]
[SourceVersion "1"]
[SourceVersionDate "2014.04.24"]
[SourceQuality "1"]

1. d4 e6 2. c4 f5 3. g3 Nf6 4. Bg2 c6 5. Nf3 d5 6. 0-0 Bd6 7. b3 Qe7 8. a4 a5 9. Ba3 b6 10. Qc1 0-0 11. Bxd6 Qxd6 12. Qa3 Qxa3 13. Nxa3 Na6 14. Ne5 Bb7 15. Nc2 c5 16. Rfd1 Rfd8 17. Rab1 Rac8 18. cxd5 Bxd5 19. dxc5 Nxc5 20. Nd4 Bxb3 21. Nxb3 Rxd1+ 22. Rxd1 Nxb3 23. Nc6 Kf8 24. Rb1 Nd5 25. Ne5 Rc1+ 26. Rxc1 Nxc1 27. e4 fxe4 28. Bxe4 Ne2+ 29. Kf1 Nec3 30. Bc2 Ke7 31. Ke1 Kd6 32. Nd3 h6 33. Kd2 Ne4+ 34. Kc1 Nc5 35. Nb2 Ke5 36. Kd2 Kd4 37. f3 Ne3 38. Bd3 g5 39. Bb5 e5 40. h4 e4 41. hxg5 hxg5 42. Ke2 exf3+ 43. Kxf3 g4+ 44. Kf4 Ne6# 0-1

[Event "Toronto Crown op"]
[Site "Toronto"]
[Date "2014.04.19"]
[Round "3"]
[White "Du, Digeng"]
[Black "Cheng, Bindi"]
[Result "0-1"]
[WhiteElo "2174"]
[BlackElo "2425"]
[PlyCount "106"]
[EventDate "2014.04.18"]
[EventType "swiss"]
[EventRounds "6"]
[EventCountry "CAN"]
[SourceTitle "CBM 159 Extra"]
[Source "ChessBase"]
[SourceDate "2014.04.24"]
[SourceVersion "1"]
[SourceVersionDate "2014.04.24"]
[SourceQuality "1"]

1. Nf3 Nf6 2. c4 g6 3. Nc3 d5 4. cxd5 Nxd5 5. Qa4+ Nc6 6. Ne5 Qd6 7. Nxc6 Qxc6 8. Qd4 Nxc3 9. Qxc3 Qxc3 10. dxc3 e5 11. Bg5 Be7 12. Bxe7 Kxe7 13. e4 Be6 14. Bd3 Rhd8 15. Ke2 Rd6 16. Rhd1 Rad8 17. b3 f5 18. g3 a5 19. Bc2 b5 20. Rxd6 cxd6 21. a4 Rb8 22. axb5 Rxb5 23. c4 Rc5 24. Ke3 fxe4 25. Bxe4 d5 26. Bxd5 Bxd5 27. cxd5 Rxd5 28. Rc1 Kd6 29. f3 Rb5 30. Rc3 Kd5 31. Kd3 h5 32. h4 Rb4 33. Kc2 Rb5 34. Rd3+ Ke6 35. Rd8 Rc5+ 36. Kb2 Rd5 37. Re8+ Kf7 38. Rc8 Rd2+ 39. Ka3 Rg2 40. g4 hxg4 41. fxg4 Rxg4 42. Rc5 Rxh4 43. Rxe5 Rh5 44. Re4 Rd5 45. b4 axb4+ 46. Kxb4 Kf6 47. Kc4 Rd8 48. Rf4+ Kg5 49. Rf7 Kg4 50. Rg7 g5 51. Rg6 Kf4 52. Rf6+ Kg3 53. Rg6 g4 0-1